Prácticas de cuidado infantil y hábitos de vida saludable : (Registro nro. 17138)
[ vista simple ]
| 000 -LEADER | |
|---|---|
| fixed length control field | 01246nam a2200325 4500 |
| 003 - CONTROL NUMBER IDENTIFIER | |
| control field | CO-CtgCURN |
| 005 - DATE AND TIME OF LATEST TRANSACTION | |
| control field | 20250728113438.0 |
| 007 - PHYSICAL DESCRIPTION FIXED FIELD--GENERAL INFORMATION | |
| fixed length control field | ta |
| 008 - FIXED-LENGTH DATA ELEMENTS--GENERAL INFORMATION | |
| fixed length control field | 160627s2023 000 0 eng d |
| 020 ## - INTERNATIONAL STANDARD BOOK NUMBER | |
| International Standard Book Number | 9789587895445 |
| 040 ## - CATALOGING SOURCE | |
| Original cataloging agency | CO-CtgCURN |
| Language of cataloging | spa |
| Transcribing agency | coctgcurn |
| 082 0# - DEWEY DECIMAL CLASSIFICATION NUMBER | |
| Classification number | 155.4 |
| Item number | A485 |
| 100 1# - MAIN ENTRY--PERSONAL NAME | |
| Personal name | Amar Amar, José. |
| 245 10 - TITLE STATEMENT | |
| Title | Prácticas de cuidado infantil y hábitos de vida saludable : |
| Remainder of title | Relaciones entre cuidadores y niños / |
| Statement of responsibility, etc. | José Amar Amar; Jorge Palacio Sañudo; Jeremías Aragón Barceló; Duban Romero Orozco. |
| 260 ## - PUBLICATION, DISTRIBUTION, ETC. | |
| Place of publication, distribution, etc. | Barranquilla : |
| Name of publisher, distributor, etc. | Universidad del Norte, |
| Date of publication, distribution, etc. | 2023. |
| 300 ## - PHYSICAL DESCRIPTION | |
| Extent | 157 páginas : |
| Other physical details | ilustraciones cuadros ; |
| Dimensions | 24 cms. |
| 336 ## - CONTENT TYPE | |
| Source | rdacontent |
| 337 ## - MEDIA TYPE | |
| Source | rdamedia |
| Media type term | sin mediacion |
| Media type code | n |
| 338 ## - CARRIER TYPE | |
| Source | rdacarrier |
| Carrier type term | volumen |
| Carrier type code | nc |
| 650 14 - SUBJECT ADDED ENTRY--TOPICAL TERM | |
| Topical term or geographic name entry element | Desarrollo infantil |
| Form subdivision | Aspectos psicológicos. |
| 650 14 - SUBJECT ADDED ENTRY--TOPICAL TERM | |
| Topical term or geographic name entry element | Trabajo infantil |
| Form subdivision | Aspectos psicológicos. |
| 650 14 - SUBJECT ADDED ENTRY--TOPICAL TERM | |
| Topical term or geographic name entry element | Niños |
| Form subdivision | Cuidado e higiene. |
| 650 14 - SUBJECT ADDED ENTRY--TOPICAL TERM | |
| Topical term or geographic name entry element | Educación en la primera infancia. |
| 650 14 - SUBJECT ADDED ENTRY--TOPICAL TERM | |
| Topical term or geographic name entry element | Hábitos alimenticios. |
| 700 1# - ADDED ENTRY--PERSONAL NAME | |
| Personal name | Palacio Sañudo, Jorge. |
| 700 1# - ADDED ENTRY--PERSONAL NAME | |
| Personal name | Aragón Barceló, Jeremías. |
| 700 1# - ADDED ENTRY--PERSONAL NAME | |
| Personal name | Romero Orozco, Duban. |
| 942 ## - ADDED ENTRY ELEMENTS (KOHA) | |
| Koha item type | Libros |
| Classification part | 155.4 |
| Item part | A485 |
| Source of classification or shelving scheme | Dewey Decimal Classification |
| Suppress in OPAC | No |
| Withdrawn status | Lost status | Source of classification or shelving scheme | Damaged status | Not for loan | Collection | Home library | Current library | Shelving location | Date acquired | Inventory number | Total checkouts | Full call number | Barcode | Date last seen | Price effective from | Koha item type | Public note |
|---|---|---|---|---|---|---|---|---|---|---|---|---|---|---|---|---|---|
| Dewey Decimal Classification | General | Miguel Henríquez Castañeda | Miguel Henríquez Castañeda | General | 03/31/2025 | 025131 | 155.4 A485 | 025131 | 03/31/2025 | 03/31/2025 | Libros | 150-PSICOL |